| 000 | 00860cam a22002535a 4500 | ||
|---|---|---|---|
| 001 | 17566741 | ||
| 005 | 20161122123243.0 | ||
| 008 | 121218t2013 maua frb 001 0 eng d | ||
| 020 | _a9780123944368 | ||
| 040 |
_aDLC _beng _cDLC _dDLC _dEG-ScBUE |
||
| 082 | 0 | 4 |
_a658.47 _222 _bSMI |
| 100 | 1 |
_aSmith, Clifton L., _d1942- |
|
| 245 | 1 | 0 |
_aSecurity science : _bthe theory and practice of security / _cClifton L. Smith, David J. Brooks. |
| 260 |
_aWaltham ; _aOxford : _bButterworth-HHeinemann / Elsevier, _cc.2013. |
||
| 300 |
_axvii, 256 p. : _bill. ; _c25 cm. |
||
| 504 | _aIncludes bibliographical references and index. | ||
| 650 | 7 |
_aSecurity systems. _2BUEsh |
|
| 650 | 7 |
_aPrivate security services _2BUEsh |
|
| 650 | 7 |
_aInternal security. _2BUEsh |
|
| 651 | _2BUEsh | ||
| 653 |
_bCOMSCI _cNovember2016 |
||
| 700 | 1 |
_aBrooks, David J., _d1963- |
|
| 942 | _2ddc | ||
| 999 |
_c23263 _d23235 |
||